[Event "Défi( 10J+24H/c 10J Max )"]
[Site "www.echecsemail.com"]
[Date "2026.02.06"]
[Round "1"]
[White "Hberlioz"]
[Black "Pascalou50"]
[WhiteElo "1670"]
[BlackElo "1840"]
[Result "1-0"]
1.e4 e6
2.d4 d5
3.e5 c5
4.Ng1f3 Nb8c6
5.Bf1b5 Bc8d7
6.Bb5xc6 Bd7xc6
7.Nb1c3 Qd8b6
8.O-O Ng8e7
9.dxc5 Qb6xc5
10.Bc1e3 Qc5b4
11.a3 Qb4xb2
12.Qd1d3 d4
13.Nf3xd4 Ne7d5
14.Nc3xd5 Bc6b5
15.Nd5c7 Ke7
16.Nd4xb5 Qb2xe5
17.Ra1d1 { abandon }1-0

[Event "Défi"]
[Site "www.echecsemail.com"]
[Date "2026.02.06"]
[Round "1"]
[White "Speedyfil"]
[Black "Claudius94"]
[WhiteElo "1430"]
[BlackElo "1780"]
[Result "0-1"]
1.d4 d5
2.Bc1f4 e6
3.Nb1c3 Bf8d6
4.Qd1d2 Bd6xf4
5.e3 Bf4d6
6.Bf1e2 b6
7.Ng1f3 Bc8a6
8.Be2b5 Ba6xb5
9.Nc3xb5 c6
10.Nb5xd6 Qd8xd6
11.O-O Ng8f6
12.Nf3e5 Nb8d7
13.Ne5f3 Nf6e4
14.Qd2e2 a6
15.c3 b5
16.a3 O-O
17.h4 g6
18.Nf3h2 f5
19.f4 Ne4g3
20.Qe2f3 Ng3xf1
21.Nh2xf1 Nd7f6
22.Nf1g3 h5
23.Ra1e1 Nf6g4
24.Re1a1 a5
25.b4 Qd6d8
26.Ng3e2 Qd8xh4
27.Kf1 Ng4h2
{ abandon }0-1

[Event "Tournoi n27430"]
[Site "www.echecsemail.com"]
[Date "2026.02.06"]
[Round "1"]
[White "Luc20"]
[Black "Legrillon"]
[WhiteElo "1810"]
[BlackElo "1760"]
[Result "0-1"]
1.d4 d5
2.Bc1f4 Ng8f6
3.Ng1f3 Nb8c6
4.e3 Bc8g4
5.c4 e6
6.a3 a6
7.b4 Bf8d6
8.Bf4g5 h6
9.Bg5h4 Bd6e7
10.Nb1c3 O-O
11.Bf1e2 Nf6e4
12.Bh4xe7 Qd8xe7
13.Nc3xe4 dxe4
14.Nf3d2 Bg4xe2
15.Qd1xe2 f5
16.O-O Ra8d8
17.c5 b6
18.Nd2c4 b5
19.Nc4d2 e5
20.dxe5 Qe7xe5
21.Rf1d1 f4
22.exf4 Qe5xf4
23.Nd2xe4 Nc6e5
24.Rd1xd8 Rf8xd8
25.f3 c6
26.Ne4d6 Qf4d4
27.Kf1 Qd4xa1
28.Kf2 Qa1d4
29.Kg3 Ne5g6
30.Qe2e6 Kh7
31.Nd6f7 Qd4h4
0-1

[Event "Coupe Niveau 4"]
[Site "www.echecsemail.com"]
[Date "2026.02.06"]
[Round "1"]
[White "Senegaulois"]
[Black "Elghribi"]
[WhiteElo "1860"]
[BlackElo "1940"]
[Result "0-1"]
1.e4 d6
2.d4 Ng8f6
3.Nb1c3 g6
4.Bf1d3 Bf8g7
5.Bc1g5 h6
6.Bg5h4 O-O
7.Ng1e2 Nb8c6
8.O-O e5
9.d5 Nc6e7
10.h3 Nf6d7
11.Kh1 f5
12.Bh4xe7 Qd8xe7
13.exf5 gxf5
14.Ne2g1 e4
15.Rf1e1 Qe7h4
16.g3 Qh4g5
17.Bd3f1 Nd7e5
18.Bf1g2 a6
19.Nc3e2 Ne5g6
20.c3 Bc8d7
21.Qd1c1 Qg5f6
22.Ne2f4 Ng6xf4
23.Qc1xf4 Qf6g6
24.Ng1e2 Bg7e5
25.Qf4e3 Rf8f7
26.Ne2f4 Qg6h7
27.Ra1b1 Rf7g7
28.c4 Kh8
29.b4 b6
30.c5 Ra8g8
31.Rb1c1 b5
32.c6 Bd7c8
33.Kh2 h5
34.Re1g1 h4
35.Bg2f1 Qh7h6
36.Bf1e2 hxg3
37.Rg1xg3 Be5xf4
{ abandon }0-1

[Event "Coupe Niveau 4"]
[Site "www.echecsemail.com"]
[Date "2026.02.06"]
[Round "1"]
[White "Carrighir"]
[Black "Senegaulois"]
[WhiteElo "2100"]
[BlackElo "1860"]
[Result "0-1"]
1.e4 c5
2.Ng1f3 g6
3.d4 Bf8g7
4.Nb1c3 cxd4
5.Nf3xd4 Ng8f6
6.Bf1c4 O-O
7.Bc1e3 Nb8c6
8.f3 d6
9.Qd1d2 Nc6e5
10.Bc4b3 a6
11.h3 Bc8d7
12.O-O-O b5
13.g4 Ra8c8
14.Be3h6 b4
15.Nc3d5 Nf6xd5
16.Bh6xg7 Kxg7
17.h4 Nd5c3
18.bxc3 bxc3
19.Qd2e3 Qd8a5
20.Kb1 Rc8b8
21.Qe3c1 Ne5c4
22.h5 Nc4d2
23.Ka1 e5
24.hxg6 fxg6
25.g5 Rf8h8
26.Rd1xd2 cxd2
27.Qc1b2 exd4
{ abandon }0-1

[Event "Tournoi Hivernal"]
[Site "www.echecsemail.com"]
[Date "2026.02.06"]
[Round "1"]
[White "Abelito"]
[Black "Fouvolant"]
[WhiteElo "1550"]
[BlackElo "1490"]
[Result "1-0"]
1.d4 Ng8f6
2.Bc1f4 c5
3.Ng1f3 Nb8c6
4.c3 cxd4
5.cxd4 d6
6.Nb1c3 a6
7.a3 g6
8.b4 b5
9.d5 Nc6b8
10.e4 Nb8d7
11.a4 Bf8g7
12.axb5 Nf6h5
13.Bf4e3 Bg7xc3
14.Nf3d2 Bc3xa1
15.Qd1xa1 a5
16.Qa1xh8 Nd7f8
17.Be3h6 { abandon }1-0

[Event "Défi"]
[Site "www.echecsemail.com"]
[Date "2026.02.06"]
[Round "1"]
[White "Pourquoipas"]
[Black "Verson"]
[WhiteElo "1650"]
[BlackElo "1810"]
[Result "0-1"]
1.f4 d5
2.Ng1f3 Ng8f6
3.e3 e6
4.b3 Bf8c5
5.Bc1b2 Nb8d7
6.Bf1b5 O-O
7.O-O a6
8.Bb5e2 b5
9.Qd1e1 Bc8b7
10.Qe1h4 Bc5e7
11.d3 c5
12.Nb1d2 Nd7b6
13.Nf3e5 d4
14.Rf1f3 Bb7xf3
15.Nd2xf3 Nf6d5
16.exd4 Be7xh4
{ abandon }0-1

[Event "Tournoi échelle division 1"]
[Site "www.echecsemail.com"]
[Date "2026.02.06"]
[Round "1"]
[White "Pgo"]
[Black "Luc20"]
[WhiteElo "1790"]
[BlackElo "1850"]
[Result "0-1"]
1.e4 e6
2.Ng1f3 d5
3.e5 c5
4.Bf1b5 Nb8c6
5.Nb1c3 a6
6.Bb5xc6 bxc6
7.d3 Ra8b8
8.O-O h6
9.d4 cxd4
10.Nf3xd4 Bc8d7
11.b3 Bf8b4
12.Bc1d2 Ng8e7
13.a3 Bb4a5
14.b4 Ba5b6
15.Nd4f3 Ne7f5
16.h3 c5
17.g4 Nf5h4
18.Bd2f4 Bd7c6
19.Nf3xh4 Qd8xh4
20.Kh2 d4
21.Bf4g3 Qh4g5
22.Nc3e2 Bc6f3
23.Qd1d3 Bf3d5
24.f4 Qg5g6
25.f5 exf5
26.e6 Bd5e4
27.Qd3xa6 O-O
28.exf7 Qg6xf7
29.Bg3xb8 Rf8xb8
30.Qa6a4 Qf7c7
31.Ne2g3 fxg4
32.hxg4 Be4c6
33.Qa4b3 Kh8
34.Rf1f7 Qc7e5
35.Ra1f1 Bb6c7
36.Rf7f8 Rb8xf8
37.Rf1xf8 Kh7
38.bxc5 Qe5e2
39.Kh3 Qe2g2
40.Kh4 Qg2h2
0-1

[Event "Tournoi Hivernal"]
[Site "www.echecsemail.com"]
[Date "2026.02.06"]
[Round "1"]
[White "Fouvolant"]
[Black "Abelito"]
[WhiteElo "1490"]
[BlackElo "1550"]
[Result "1-0"]
1.e4 e5
2.Ng1f3 Nb8c6
3.Bf1c4 Ng8f6
4.Nf3g5 d5
5.exd5 Nc6d4
6.c3 Qd8d6
7.cxd4 Bc8g4
8.Qd1a4 c6
9.dxc6 bxc6
10.Ng5xf7 Qd6d7
11.Nf7xh8 c5
12.Bc4b5 Bf8d6
13.Bb5xd7 Nf6xd7
14.dxc5 Bd6xc5
15.Qa4xg4 Nd7f6
16.Qg4e6 Kf8
17.Qe6f7 1-0

[Event "Tournoi Hivernal"]
[Site "www.echecsemail.com"]
[Date "2026.02.06"]
[Round "1"]
[White "Fouvolant"]
[Black "4x4"]
[WhiteElo "1490"]
[BlackElo "1430"]
[Result "0-1"]
1.e4 e5
2.Ng1f3 d6
3.d4 exd4
4.Nf3xd4 c5
5.Nd4f3 Nb8c6
6.h3 Ng8f6
7.Nb1c3 Bc8e6
8.Bf1b5 a6
9.Bb5e2 Nc6e5
10.O-O Ne5xf3
11.Be2xf3 Qd8c7
12.Bc1f4 O-O-O
13.Qd1e2 h6
14.Bf4g3 g5
15.Nc3d5 Nf6xd5
16.exd5 Be6d7
17.Qe2d2 Bf8g7
18.c3 f5
19.Bg3h2 f4
20.Bf3g4 Bd7xg4
21.hxg4 Bg7e5
22.f3 b5
23.Kh1 Qc7b6
24.Bh2g1 h5
{ abandon }0-1

[Event "Coupe Niveau 5"]
[Site "www.echecsemail.com"]
[Date "2026.02.06"]
[Round "1"]
[White "Nemesis"]
[Black "Luc20"]
[WhiteElo "2240"]
[BlackElo "1840"]
[Result "1-0"]
1.e4 e6
2.d4 d5
3.Nb1c3 Bf8b4
4.e5 c5
5.a3 Bb4xc3
6.bxc3 c4
7.Qd1g4 g6
8.h4 h5
9.Qg4f3 Ng8e7
10.Bc1g5 Nb8c6
11.Ng1h3 Qd8b6
12.Bf1e2 Qb6b2
13.O-O Qb2xc2
14.Bg5f6 Rh8g8
15.Rf1c1 Qc2f5
16.Qf3e3 Kd7
17.Nh3g5 b6
18.f3 Nc6xe5
19.dxe5 Ne7c6
20.g4 hxg4
21.fxg4 { abandon }1-0

[Event "Défi"]
[Site "www.echecsemail.com"]
[Date "2026.02.06"]
[Round "1"]
[White "Prince"]
[Black "Gambitmiau"]
[WhiteElo "1880"]
[BlackElo "1430"]
[Result "1-0"]
1.e4 e5
2.Ng1f3 Bf8d6
3.c3 Ng8f6
4.d3 O-O
5.Bf1e2 b6
6.Nb1d2 Nb8c6
7.O-O Nc6e7
8.Nd2c4 Ne7c6
9.Nc4xd6 cxd6
10.Bc1g5 h6
11.Bg5e3 d5
12.exd5 Nf6xd5
13.Be3d2 d6
14.c4 Nd5f6
15.Qd1c2 Bc8g4
16.h3 Bg4xh3
17.gxh3 Nf6h5
18.Kh2 f5
19.Rf1g1 Qd8f6
20.Bd2c3 Qf6e6
21.Nf3xe5 dxe5
22.Be2xh5 g6
23.Rg1xg6 Qe6xg6
24.Ra1g1 Qg6xg1
25.Kxg1 Ra8d8
26.Qc2a4 Rd8c8
27.Bh5f3 Rf8f7
28.Bf3d5 Nc6a5
29.Bc3xa5 bxa5
30.Qa4xa5 Rc8b8
31.Bd5xf7 Kxf7
32.Qa5xa7 { abandon }1-0

[Event "Tournoi n27398"]
[Site "www.echecsemail.com"]
[Date "2026.02.06"]
[Round "1"]
[White "Aramis"]
[Black "Nautilus"]
[WhiteElo "1580"]
[BlackElo "1520"]
[Result "0-1"]
1.e4 e5
2.Ng1f3 d6
3.d4 Ng8f6
4.Nb1c3 a6
5.dxe5 Nf6d7
6.exd6 cxd6
7.e5 Qd8e7
8.Bf1e2 Nd7xe5
9.O-O Qe7d7
10.Nf3xe5 dxe5
11.Bc1d2 Bf8c5
12.h3 O-O
13.a3 Qd7f5
14.Be2g4 Qf5g6
15.Qd1e2 Bc8xg4
16.hxg4 Qg6xc2
17.Ra1b1 Qc2g6
18.Nc3e4 Bc5d4
19.b3 Nb8c6
20.Ne4g3 Rf8e8
21.b4 b5
22.Rb1b3 Qg6d6
23.Ng3e4 Qd6d5
24.Rb3g3 Nc6e7
25.Bd2g5 Ne7g6
26.Kh1 h6
27.Bg5c1 Re8f8
28.f3 f5
29.gxf5 Ng6h4
30.Rg3h3 Nh4xf5
31.Qe2e1 Ra8c8
32.Rh3h5 Qd5f7
33.Rh5h3 Qf7g6
34.Ne4g3 Nf5d6
35.Bc1e3 Rc8c4
36.Be3xd4 exd4
37.Rf1g1 Rf8c8
38.Ng3e2 d3
39.Ne2f4 Rc4xf4
40.Qe1d2 Rf4d4
41.Kh2 Rc8c2
42.Qd2e3 Rd4c4
43.Qe3e5 Nd6f5
44.Qe5a1 Qg6g5
45.a4 Rc2c1
46.Rg1xc1 Qg5f4
47.Kh1 Rc4xc1
48.Qa1xc1 Qf4xc1
49.Kh2 Qc1f4
50.g3 Qf4xf3
51.axb5 Qf3f2
52.Kh1 Nf5xg3
53.Rh3xg3 Qf2xg3
54.bxa6 Qg3f3
55.Kg1 d2
56.a7 d1Q
57.Kh2 Qd1h1
0-1

[Event "Défi( 10J+24H/c 10J Max )"]
[Site "www.echecsemail.com"]
[Date "2026.02.06"]
[Round "1"]
[White "Sylvia13"]
[Black "Sam"]
[WhiteElo "1590"]
[BlackElo "1660"]
[Result "1-0"]
1.d4 d5
2.c4 dxc4
3.e3 b5
4.Nb1c3 c6
5.Bc1d2 Ng8f6
6.h3 Nb8d7
7.Ng1f3 e6
8.Qd1c2 Bf8d6
9.Nc3e4 Nf6xe4
10.Qc2xe4 Bc8b7
11.h4 O-O
12.Nf3g5 g6
13.Ng5xe6 Qd8e7
14.Ne6g5 Qe7xe4
15.Ng5xe4 Bd6c7
16.Bd2b4 Rf8e8
17.f3 a5
18.Bb4c3 Bc7b6
19.Kf2 c5
20.Ne4d6 Re8b8
21.Nd6xb5 cxd4
22.exd4 Bb7a6
23.Bf1xc4 Nd7f6
24.b3 Rb8c8
25.Nb5d6 Rc8f8
26.g4 Ba6xc4
27.Nd6xc4 Nf6d5
28.Bc3b2 Nd5b4
29.Bb2c3 Nb4c2
30.Ra1c1 Nc2xd4
31.Nc4xb6 Ra8d8
32.Bc3xa5 Rf8e8
33.Nb6c4 Re8e2
34.Kf1 Rd8e8
35.Nc4d6 Re8e3
36.Rc1c8 Kg7
37.Rh1h3 Re2xa2
38.Nd6c4 Re3xb3
39.Ba5e1 Nd4xf3
40.Rh3h1 Rb3b1
41.Rc8e8 Ra2a1
42.Rh1h3 Rb1xe1
43.Re8xe1 Ra1xe1
44.Kf2 Re1c1
45.Nc4d6 Rc1c6
46.Rh3xf3 Rc6xd6
47.g5 f6
48.Rf3a3 fxg5
49.hxg5 Rd6d5
50.Ra3a7 Kg8
51.Ra7a8 Kf7
52.Ra8a7 Ke6
53.Ra7xh7 Rd5f5
54.Kg3 Rf5xg5
55.Kf4 Rg5h5
56.Rh7g7 Kf6
57.Rg7a7 g5
58.Kg3 Rh5h4
59.Ra7a6 Kg7
60.Ra6a5 Rh4h5
61.Kg4 Kg6
62.Ra5a6 Kg7
63.Kxh5 g4
64.Kxg4 Kf7
65.Kf5 Ke7
66.Ke5 Kd7
67.Ra6d6 Ke7
68.Rd6a6 Kd7
69.Ra6d6 Ke7
70.Rd6e6 Kf7
71.Kd6 Kf8
72.Re6e7 Kg8
73.Ke6 Kf8
74.Kf6 Kg8
75.Kg6 Kf8
76.Kf6 Kg8
77.Re7a7 Kh8
78.Kg6 Kg8
79.Ra7a8 1-0

[Event "Tournoi n27441"]
[Site "www.echecsemail.com"]
[Date "2026.02.06"]
[Round "1"]
[White "Tiounet"]
[Black "Aramis"]
[WhiteElo "1610"]
[BlackElo "1580"]
[Result "0-1"]
1.a3 d5
2.b4 e6
3.Bc1b2 Ng8f6
4.g3 Bf8e7
5.Bf1g2 c6
6.Ng1f3 Nb8d7
7.O-O O-O
8.d3 e5
9.Nf3xe5 Nd7xe5
10.Bb2xe5 Be7d6
11.Be5b2 Rf8e8
12.Nb1d2 a5
13.c3 a4
14.c4 Bd6e5
15.Bb2xe5 Re8xe5
16.cxd5 cxd5
17.Nd2f3 Re5e8
18.Rf1e1 Ra8b8
19.Nf3d4 Bc8d7
20.e3 b5
21.Ra1c1 h6
22.Rc1c3 Qd8b6
23.Qd1a1 Re8c8
24.Re1c1 Rc8xc3
25.Rc1xc3 Rb8e8
26.Qa1c1 Qb6b8
27.Nd4c6 Bd7xc6
28.Rc3xc6 Qb8e5
29.d4 Qe5f5
30.Rc6c5 Re8b8
31.Bg2f1 Nf6d7
32.Rc5xb5 Rb8xb5
33.Qc1c3 Rb5b8
34.Bf1d3 Qf5e6
35.Qc3c7 Rb8f8
36.Bd3b5 Nd7f6
37.Bb5xa4 Qe6a6
38.Qc7c2 Qa6d6
39.Qc2c5 Qd6e6
40.Ba4b3 Qe6e4
41.b5 Qe4b1
42.Kg2 Qb1xb3
43.a4 Qb3xa4
44.b6 Qa4d7
{ abandon }0-1

[Event "020226"]
[Site "www.echecsemail.com"]
[Date "2026.02.06"]
[Round "1"]
[White "Katastrofic"]
[Black "Turbo"]
[WhiteElo "1510"]
[BlackElo "1370"]
[Result "1-0"]
1.e4 e5
2.Bf1c4 Nb8c6
3.a3 Ng8f6
4.d3 h6
5.h3 Bf8c5
6.Ng1f3 O-O
7.O-O d5
8.exd5 g5
9.dxc6 bxc6
10.b4 Bc5b6
11.Bc1e3 Bc8f5
12.Nb1d2 Qd8d6
13.Bc4b3 c5
14.bxc5 Bb6xc5
15.Rf1e1 Kg7
16.Nd2c4 Nf6d5
17.Be3xc5 Qd6xc5
18.Nf3xe5 Qc5e7
19.Ne5c6 Qe7c5
20.Nc6e5 Nd5f4
21.d4 Qc5d5
22.Nc4e3 Qd5b7
23.Ne3xf5 Kh7
24.d5 Ra8d8
25.c4 Qb7b6
26.Ra1b1 Qb6f6
27.Bb3c2 Rf8e8
28.Nf5d6 Kg8
29.Nd6xe8 Rd8xe8
30.Ne5g4 Qf6d8
31.Ng4xh6 Kg7
32.Nh6f5 Kf8
33.Re1xe8 Qd8xe8
34.Qd1e1 Qe8d7
35.Rb1b8 { abandon }1-0

[Event "Défi( 10J+24H/c 10J Max )"]
[Site "www.echecsemail.com"]
[Date "2026.02.06"]
[Round "1"]
[White "Sylvia13"]
[Black "Sam"]
[WhiteElo "1600"]
[BlackElo "1660"]
[Result "0-1"]
1.g4 d5
2.Bf1g2 Bc8xg4
3.c4 c6
4.Qd1b3 e6
5.Qb3xb7 Nb8d7
6.Qb7xc6 Ng8f6
7.cxd5 exd5
8.d3 Bf8b4
9.Bc1d2 Ra8c8
10.Qc6b5 Rc8c1
0-1

[Event "Défi"]
[Site "www.echecsemail.com"]
[Date "2026.02.06"]
[Round "1"]
[White "Roidechecs"]
[Black "Kerenor"]
[WhiteElo "1240"]
[BlackElo "1560"]
[Result "0-1"]
1.e4 e5
2.Ng1f3 d6
3.d4 exd4
4.Nf3xd4 Bc8d7
5.Nb1c3 h6
6.Bf1d3 Nb8c6
7.Nd4xc6 Bd7xc6
8.O-O Ng8f6
9.h3 Bf8e7
10.f3 Bc6d7
11.g4 Nf6h7
12.Nc3d5 Nh7g5
13.Bc1xg5 Be7xg5
14.f4 Bg5h4
15.e5 Bd7c6
16.Bd3e4 Qd8d7
17.Qd1d3 Bc6b5
18.Qd3e3 Bb5xf1
19.Kxf1 c6
20.Nd5c3 d5
21.Be4f3 O-O-O
22.f5 Bh4g5
23.Qe3e2 Qd7c7
24.e6 Rd8e8
25.Qe2d3 fxe6
26.fxe6 Re8xe6
27.a4 Re6e3
28.Qd3d4 Re3xf3
29.Ke2 Rf3xh3
30.b4 Rh8e8
31.Kf1 Rh3h1
32.Kg2 Qc7h2
33.Kf3 Rh1xa1
34.Qd4xg7 Ra1f1
0-1

[Event "020226"]
[Site "www.echecsemail.com"]
[Date "2026.02.06"]
[Round "1"]
[White "Katastrofic"]
[Black "Mindthegap"]
[WhiteElo "1510"]
[BlackElo "1440"]
[Result "0-1"]
1.e4 e5
2.Bf1c4 Ng8f6
3.d3 d6
4.h3 c6
5.a3 b5
6.Bc4a2 Bf8e7
7.Ng1f3 O-O
8.Bc1g5 h6
9.Bg5xf6 Be7xf6
10.c4 a6
11.O-O Bc8b7
12.Nb1c3 Nb8d7
13.b4 Nd7b6
14.c5 Nb6a4
15.Nc3xa4 bxa4
16.Qd1xa4 Kh7
17.Qa4d1 a5
18.Nf3h2 dxc5
19.bxc5 Bb7a6
20.Ra1b1 Ba6xd3
{ abandon }0-1

[Event "Tournoi n27445"]
[Site "www.echecsemail.com"]
[Date "2026.02.06"]
[Round "1"]
[White "Wenoketo"]
[Black "Tiounet"]
[WhiteElo "1730"]
[BlackElo "1630"]
[Result "1/2-1/2"]
1.d4 b5
2.Ng1f3 Bc8b7
3.e3 a6
4.Bf1e2 g6
5.O-O Bf8g7
6.c3 Ng8f6
7.Nb1d2 O-O
8.Ra1b1 d6
9.h3 Nb8d7
10.c4 bxc4
11.Nd2xc4 Nf6d5
12.Bc1d2 c5
13.dxc5 Nd7xc5
14.b3 Bg7c3
15.Rb1c1 Bc3g7
16.Bd2e1 Nd5c3
17.Be1xc3 Bg7xc3
18.Rc1xc3 Nc5e4
19.Rc3c2 Ra8c8
20.Be2d3 Rc8c7
21.Qd1c1 Qd8a8
22.Bd3e2 Rf8c8
23.Qc1b2 Rc7c5
24.Be2d3 Ne4f6
25.Bd3e2 a5
26.Rf1c1 Nf6d5
27.e4 Nd5b4
28.Rc2c3 Bb7xe4
29.a3 Nb4d5
30.Rc3c2 Be4xc2
31.Rc1xc2 Nd5f6
32.Be2d1 Qa8d5
33.Nc4e3 Qd5e4
34.Rc2xc5 Rc8xc5
35.Bd1c2 Qe4f4
36.b4 axb4
37.axb4 Rc5b5
38.Qb2c3 Qf4xb4
39.Qc3c8 Kg7
40.g4 Rb5c5
41.Qc8a8 Rc5a5
42.Qa8c8 Ra5c5
43.Qc8a8 Qb4f4
44.g5 Nf6d7
45.Qa8a1 Nd7e5
46.Nf3xe5 Rc5xe5
47.Ne3g4 Qf4xg5
48.Kh1 f6
49.Ng4xe5 dxe5
50.Qa1f1 Qg5f4
51.Bc2d1 Qf4e4
52.f3 Qe4f4
53.Bd1e2 f5
54.Qf1f2 Qf4c1
55.Kg2 Qc1g5
56.Kh2 Qg5f4
57.Kg2 Qf4g5
58.Kh2 Qg5f4
59.Kg2 Qf4g5
1/2-1/2

[Event "0402"]
[Site "www.echecsemail.com"]
[Date "2026.02.06"]
[Round "1"]
[White "Katastrofic"]
[Black "Qsdmlk"]
[WhiteElo "1470"]
[BlackElo "1460"]
[Result "1-0"]
1.e4 Nb8c6
2.c3 e5
3.Bf1b5 Ng8e7
4.h3 a6
5.Bb5xc6 dxc6
6.d4 c5
7.d5 c6
8.c4 b5
9.b3 bxc4
10.bxc4 Ne7g6
11.Ng1f3 Bf8e7
12.O-O O-O
13.Nb1c3 Bc8b7
14.Nc3a4 cxd5
15.cxd5 Ng6f4
16.Bc1xf4 Qd8c7
17.Bf4xe5 Qc7c8
18.Ra1c1 { abandon }1-0

[Event "Tournoi échelle division 2"]
[Site "www.echecsemail.com"]
[Date "2026.02.06"]
[Round "1"]
[White "Jlouism"]
[Black "Bertelsen"]
[WhiteElo "1570"]
[BlackElo "1740"]
[Result "0-1"]
1.d4 Ng8f6
2.e3 d5
3.Nb1c3 c6
4.Bf1d3 h6
5.Ng1f3 e6
6.Nf3e5 Bf8d6
7.Bd3g6 Bd6xe5
8.dxe5 Nf6d7
9.Qd1h5 O-O
10.Bg6d3 Qd8g5
11.Qh5f3 f5
12.e4 Qg5g4
13.Qf3h3 Qg4xh3
14.gxh3 c5
15.exd5 Nd7xe5
16.Bd3e2 Bc8d7
17.f4 Ne5g6
18.Be2h5 Kh7
19.Rh1g1 Rf8f6
20.Bc1e3 b6
21.O-O-O Nb8a6
22.Rg1g2 Na6b4
23.Kb1 a5
24.Rd1g1 Nb4xd5
25.Bh5xg6 Kh8
26.Nc3xd5 exd5
27.Bg6h5 Ra8g8
28.a4 d4
29.Rg1d1 Bd7c6
30.Rg2g6 Rf6xg6
31.Bh5xg6 dxe3
32.Bg6xf5 Rg8e8
33.Rd1e1 Bc6f3
34.c4 Kg8
35.Bf5g4 Bf3e4
36.Kc1 g6
37.Re1xe3 Kf7
38.Bg4d7 Re8e7
39.Bd7g4 Be4c6
40.Kd2 Bc6xa4
41.f5 Re7xe3
42.Kxe3 Ba4c6
43.h4 Kf6
44.h5 gxf5
45.Bg4f3 Bc6d7
46.Kf4 Bd7e6
47.Bf3d5 Be6d7
48.b3 a4
49.bxa4 Bd7xa4
50.Bd5b7 Ba4d1
51.Bb7f3 Bd1xf3
52.Kxf3 Kg5
53.Kg3 Kxh5
54.h4 f4
55.Kxf4 Kxh4
56.Ke5 Kg3
57.Kd5 h5
58.Kc6 h4
59.Kxb6 h3
60.Kxc5 h2
61.Kd6 h1Q
62.c5 Qh1h6
63.Kd7 Qh6g7
64.Kd6 Qg7b7
65.c6 Qb7c8
66.c7 Kf4
67.Kc6 Ke5
68.Kb6 Kd6
{ abandon }0-1

[Event "Tournoi n27430"]
[Site "www.echecsemail.com"]
[Date "2026.02.06"]
[Round "1"]
[White "Tiounet"]
[Black "Caraca2"]
[WhiteElo "1590"]
[BlackElo "1800"]
[Result "0-1"]
1.a3 d5
2.b4 e5
3.Bc1b2 Nb8c6
4.b5 Nc6a5
5.Bb2xe5 f6
6.Be5c3 b6
7.Bc3xa5 bxa5
8.a4 Bf8c5
9.e3 Ng8e7
10.Ng1f3 Bc8g4
11.Bf1e2 O-O
12.O-O Qd8d6
13.d4 Bc5b6
14.Nb1d2 Ne7g6
15.h3 Bg4xf3
16.Be2xf3 Ng6h4
17.c4 Nh4xf3
18.Nd2xf3 dxc4
19.Qd1c2 c5
20.Qc2xc4 Kh8
21.Ra1c1 Ra8c8
22.Qc4a2 cxd4
23.Rf1d1 Rc8xc1
24.Rd1xc1 dxe3
25.Kf1 Qd6d3
26.Kg1 exf2
27.Kh1 f1Q
{ abandon }0-1

[Event "Tournoi n27400"]
[Site "www.echecsemail.com"]
[Date "2026.02.06"]
[Round "1"]
[White "Willkommen54"]
[Black "Emmanuel"]
[WhiteElo "2020"]
[BlackElo "1960"]
[Result "1-0"]
1.d4 f5
2.Ng1f3 Ng8f6
3.e3 g6
4.c4 Bf8g7
5.Bf1e2 O-O
6.O-O d6
7.Nb1c3 c6
8.Qd1c2 Qd8e8
9.b4 Nb8a6
10.a3 Bc8d7
11.Bc1b2 Na6c7
12.Rf1e1 e5
13.dxe5 dxe5
14.Nc3a4 b6
15.Bb2xe5 Nc7e6
16.Na4c3 Nf6h5
17.Be5xg7 Ne6xg7
18.Nf3d4 Nh5f6
19.Be2f3 Ng7e6
20.Nc3e2 a5
21.Nd4xe6 Bd7xe6
22.Ne2d4 Be6d7
23.b5 Ra8c8
24.bxc6 Bd7e6
25.Nd4xe6 Qe8xe6
26.Re1d1 Nf6e4
27.Bf3xe4 fxe4
28.Rd1d4 Rc8xc6
29.Qc2xe4 Qe6xe4
30.Rd4xe4 Rf8c8
31.g3 Rc6xc4
32.Re4xc4 Rc8xc4
33.Kf1 Kf7
34.Ke2 Ke6
35.a4 Kd6
36.Kd3 Kc5
37.h4 h5
38.f4 Kd5
39.Ra1b1 Rc4b4
40.Rb1xb4 axb4
41.e4 Kc5
42.e5 Kd5
43.Kc2 { abandon }1-0

[Event "Jean 8"]
[Site "www.echecsemail.com"]
[Date "2026.02.06"]
[Round "1"]
[White "Turbo"]
[Black "4x4"]
[WhiteElo "1390"]
[BlackElo "1450"]
[Result "0-1"]
1.d4 d5
2.Ng1f3 Bc8f5
3.e3 e6
4.a3 Ng8f6
5.Nf3h4 Bf8e7
6.Nh4xf5 exf5
7.Bf1d3 Nf6e4
8.f3 Ne4d6
9.O-O g6
10.f4 Nb8c6
11.b4 Qd8d7
12.c3 O-O-O
13.a4 Nc6b8
14.a5 Nd6e4
15.Nb1d2 c6
16.Nd2xe4 fxe4
17.Bd3e2 f5
18.h3 a6
19.Rf1f2 b5
20.g4 Kc7
21.Rf2h2 fxg4
22.Be2xg4 Qd7e8
23.Qd1e1 h5
24.Bg4e2 Be7f6
25.Qe1f1 Qe8f7
26.f5 g5
27.h4 gxh4
28.Qf1f4 Rd8d6
29.Ra1a2 Rh8g8
30.Kf1 Bf6g5
31.Qf4f2 Rd6f6
32.Ke1 Rf6xf5
33.Qf2g1 Nb8d7
34.Kd2 Nd7f6
35.Kc2 Nf6g4
36.Be2xg4 hxg4
37.Qg1xg4 Bg5e7
38.Qg4e2 Rf5f3
39.Kb3 Rg8g3
40.Qe2d1 h3
41.Ra2g2 hxg2
42.Qd1g1 Rf3f1
43.Rh2xg2 Rf1xg1
44.Rg2xg3 Rg1xg3
{ abandon }0-1

[Event "Coupe Niveau 2"]
[Site "www.echecsemail.com"]
[Date "2026.02.06"]
[Round "1"]
[White "Patau"]
[Black "Woluwe1975"]
[WhiteElo "1670"]
[BlackElo "1640"]
[Result "0-1"]
1.e4 e5
2.Ng1f3 Ng8f6
3.Nb1c3 Nb8c6
4.d4 d5
5.dxe5 Nf6xe4
6.Qd1xd5 Bc8f5
7.Qd5xd8 Ra8xd8
8.Bf1b5 Ne4xc3
9.bxc3 Bf8c5
10.O-O O-O
11.Bc1e3 Bc5b6
12.Nf3d4 Nc6xd4
13.Be3xd4 Bb6xd4
14.cxd4 Rd8xd4
15.Bb5d3 Bf5xd3
16.cxd3 Rd4xd3
17.Ra1c1 Rd3d7
18.Rc1c2 Rf8c8
19.f4 Kf8
20.Rf1f3 g6
21.f5 Rc8d8
22.fxg6 Rd7e7
23.gxh7 Kg7
24.Rf3h3 Rd8h8
25.Rc2c3 Rh8xh7
26.Rc3g3 Kh8
27.Rh3xh7 Kxh7
28.Rg3e3 c5
{ abandon }0-1

[Event "Eq:Pirates du Mat-les modestes :"]
[Site "www.echecsemail.com"]
[Date "2026.02.06"]
[Round "1"]
[White "Xhouks"]
[Black "Escargot08"]
[WhiteElo "2180"]
[BlackElo "2830"]
[Result "0-1"]
1.Ng1f3 d5
2.d3 Nb8c6
3.g3 e5
4.Bf1g2 h5
5.Nb1d2 Bc8e6
6.e4 d4
7.h4 f6
8.Bg2h3 Be6xh3
9.Rh1xh3 Qd8d7
10.Rh3h1 Ng8h6
11.Nd2b3 Nh6f7
12.a3 a5
13.a4 O-O-O
14.Bc1d2 b6
15.Nf3g1 Bf8b4
16.Kf1 Kb7
17.c3 dxc3
{ abandon }0-1

[Event "Défi"]
[Site "www.echecsemail.com"]
[Date "2026.02.06"]
[Round "1"]
[White "Jpjay"]
[Black "Jazz"]
[WhiteElo "1660"]
[BlackElo "1860"]
[Result "0-1"]
1.Ng1f3 d5
2.d4 c5
3.e3 Nb8c6
4.Bf1b5 e6
5.Bb5xc6 bxc6
6.O-O Ng8f6
7.c3 Bf8d6
8.Nb1d2 O-O
9.c4 Qd8c7
10.b3 h6
11.Bc1b2 a5
12.Nf3e5 cxd4
13.exd4 Bd6xe5
14.dxe5 Nf6h7
15.Nd2f3 Bc8a6
16.Nf3h4 Ra8d8
17.f4 dxc4
18.Qd1e2 Qc7b6
19.Qe2f2 Qb6b4
20.Qf2g3 cxb3
21.a3 Qb4c5
22.Qg3f2 Qc5xf2
23.Rf1xf2 a4
24.Nh4f3 f6
25.exf6 Nh7xf6
26.Nf3d4 Rf8e8
27.Nd4xc6 Rd8d6
28.Nc6e5 Re8d8
29.h3 Rd6d2
30.Ne5g6 Rd2xf2
31.Kxf2 Rd8d2
{ abandon }0-1

[Event "Défi"]
[Site "www.echecsemail.com"]
[Date "2026.02.06"]
[Round "1"]
[White "Jpjay"]
[Black "Trebuchet"]
[WhiteElo "1660"]
[BlackElo "1869"]
[Result "0-1"]
1.Ng1f3 d5
2.d4 Ng8f6
3.g3 e6
4.Bf1g2 c5
5.O-O Nb8c6
6.Bc1g5 Bf8e7
7.Nf3e5 Nc6xd4
8.Bg5e3 Nd4f5
9.c4 O-O
10.Nb1d2 Nf5xe3
11.fxe3 d4
12.exd4 Qd8xd4
13.Kh1 Qd4xe5
14.Nd2f3 Qe5c7
15.b3 Nf6g4
16.Qd1c1 Bc8d7
17.h3 Ng4f6
18.Rf1e1 Bd7c6
19.Nf3d2 Qc7xg3
20.Nd2f3 Nf6e4
21.Re1f1 Ne4f2
22.Kg1 Nf2xh3
23.Kh1 Nh3g5
24.Qc1e1 Qg3c7
25.Nf3xg5 Bc6xg2
26.Kxg2 Be7xg5
27.Qe1g3 Qc7xg3
28.Kxg3 Ra8d8
29.Kg2 Rd8d2
30.Kf3 f5
31.Rf1d1 Rf8d8
32.Rd1g1 Bg5f6
33.a3 Bf6xa1
{ abandon }0-1

[Event "Amical( 10J+24H/c 10J Max )"]
[Site "www.echecsemail.com"]
[Date "2026.02.06"]
[Round "1"]
[White "Woluwe1975"]
[Black "Patau"]
[WhiteElo "1640"]
[BlackElo "1670"]
[Result "1-0"]
1.b3 e5
2.Bc1b2 Nb8c6
3.e3 d5
4.Ng1f3 Bc8g4
5.Bf1e2 Bf8d6
6.h3 Bg4xf3
7.Be2xf3 Ng8f6
8.d3 O-O
9.Nb1d2 Rf8e8
10.e4 dxe4
11.Nd2xe4 Nf6xe4
12.Bf3xe4 Ra8b8
13.a3 Nc6d4
14.O-O c6
15.Qd1h5 f5
16.Be4xf5 Nd4xf5
17.Qh5xf5 Qd8f6
18.Qf5e4 Qf6f4
19.g3 Qf4xe4
20.dxe4 Re8f8
21.Ra1d1 Rb8d8
22.c4 Rf8f3
23.b4 Kf7
24.c5 Bd6c7
25.Rd1xd8 Bc7xd8
26.Rf1d1 Bd8f6
27.Rd1d7 Kg6
28.Rd7xb7 Rf3b3
29.Bb2xe5 Bf6xe5
30.Kg2 Rb3xa3
31.Rb7e7 Be5f6
32.Re7c7 a5
33.bxa5 Ra3xa5
34.Rc7xc6 Kf7
35.h4 Bf6d4
36.Rc6c7 Ke6
37.c6 Kd6
38.Rc7d7 Ke5
39.Rd7xg7 Kxe4
40.Rg7xh7 Ra5c5
41.c7 Kd5
42.Rh7d7 Kc4
43.h5 Kc3
44.h6 Bd4h8
45.h7 Kc4
46.Rd7d8 { abandon }1-0

[Event "Défi"]
[Site "www.echecsemail.com"]
[Date "2026.02.06"]
[Round "1"]
[White "Jenperlatete"]
[Black "Elghribi"]
[WhiteElo "1850"]
[BlackElo "1920"]
[Result "1-0"]
1.d4 Ng8f6
2.Ng1f3 g6
3.Nb1c3 Bf8g7
4.e4 O-O
5.Bf1c4 d6
6.h3 h6
7.Bc1f4 Nb8c6
8.e5 dxe5
9.dxe5 Nf6e8
10.O-O a6
11.Bc4d5 e6
12.Bd5e4 Qd8e7
13.Qd1d2 Kh7
14.Ra1d1 Qe7c5
15.Be4xc6 Qc5xc6
16.h4 b6
17.h5 g5
18.Qd2d3 Kh8
19.Bf4xg5 { abandon }1-0

[Event "Coupe Niveau 4"]
[Site "www.echecsemail.com"]
[Date "2026.02.06"]
[Round "1"]
[White "Senegaulois"]
[Black "Elghribi"]
[WhiteElo "1860"]
[BlackElo "1910"]
[Result "1-0"]
1.e4 d6
2.d4 Ng8f6
3.Bf1d3 g6
4.Nb1d2 Bf8g7
5.f3 O-O
6.Ng1e2 Nb8c6
7.c3 e5
8.d5 Nc6e7
9.Nd2f1 h6
10.Ne2g3 Nf6e8
11.Nf1e3 f5
12.exf5 gxf5
13.Ng3h5 Ne8f6
14.Nh5xf6 Rf8xf6
15.O-O h5
16.c4 f4
17.Ne3c2 Ne7f5
18.Bc1d2 Bc8d7
19.Ra1b1 Qd8e7
20.Bd2e1 Bg7h6
21.Kh1 Kh8
22.Be1f2 a6
23.b3 Ra8g8
24.Bd3xf5 Rf6xf5
25.Rf1g1 Rf5f7
26.Nc2e1 Bd7f5
27.Rb1c1 Rf7g7
28.Qd1e2 Rg7g6
29.b4 h4
30.c5 h3
31.cxd6 cxd6
32.Bf2b6 Rg8c8
33.Rc1xc8 Bf5xc8
34.Qe2c2 hxg2
35.Ne1xg2 Bc8h3
36.Qc2xg6 { abandon }1-0